000 00496nam a2200217Ia 4500
008 101110s9999 xx 000 0 und d
041 _aENGLISH
082 _bSR29024
100 _aChekhov Anton.
245 _aSelected Stories.
260 _c2004
_bFortune Books, New Delhi.
300 _a232
365 _b110
520 _aEnglish
546 _aENGLISH
630 _aSelected Stories.
650 _aEnglish
655 _aEnglish
730 _aSelected Stories.
942 _cBOOK
999 _c821541
_d821538